02401naa a2200229 a 450000100080000000500110000800800410001910000230006024500990008326000090018252017280019165300110191965300170193065300280194765300170197565300190199270000200201170000190203170000190205070000190206977300830208810719032010-08-25 2010 bl uuuu u00u1 u #d1 aOLIVEIRA, E. Q. de aProdutividade de alface e r??cula, em sistema consorciado, sob aduba????o org??nica e mineral. c2010 aForam realizados dois experimentos em Lavras-MG, nos meses de abril a setembro de 2006. Para cada experimento, utilizou-se o delineamento de blocos completos casualizados, com cinco tratamentos e quatro repeti????es. Os tratamentos consistiram de quatro arranjos espaciais entre as culturas da alface (A) e r??cula (R), plantadas em fileiras alternadas 1A:1R; fileiras duplas alternadas 2A:2R; fileiras triplas alternadas 3A:3R e quatro fileiras alternadas 4A:4R e, alface e r??cula em cultivo solteiro. Avaliou-se o di??metro (alface), altura, n??mero de folhas por planta, rendimento de folhas e massa seca da parte a??rea da alface e r??cula. Os maiores rendimentos de folhas da alface foram registrados no cultivo org??nico. O rendimento de massa verde da r??cula, no sistema solteiro sobressaiu-se dos demais, embora estatisticamente semelhante aos arranjos espaciais 3A:3R e 4A:4R no n??mero de folhas. No cultivo org??nico, diferen??as significativas entre o primeiro e o segundo ciclo da r??cula expressaram-se na altura de plantas e na massa seca da parte a??rea, com a maior altura m??dia no primeiro cultivo e a maior quantidade de massa seca da parte a??rea na rebrota. Os cons??rcios da alface e r??cula nos arranjos espaciais 1A:1R e 3A:3R tiveram a maior efici??ncia do uso da ??rea (EUA), de 55 e 63%, respectivamente, no sistema de cultivo org??nico. A efici??ncia biol??gica aumentou para 62 e 70% nestes mesmos arranjos, com o cultivo da rebrota da r??cula no sistema org??nico. Todas as associa????es da alface e r??cula, assim como os seus cultivos solteiros tiveram melhor desempenho produtivo sob a aduba????o org??nica. A rebrota da r??cula aumentou a efici??ncia agron??mica do sistema consorciado. aAlface aCompeti????o aEfici??ncia agron??mica aEruca sativa aLactuca sativa1 aSOUZA, R. J. de1 aCRUZ, M. do C.1 aMARQUES, V. B.1 aFRAN??A, A. C. tHorticultura Brasileira, Bras??lia, DFgv. 28, n. 1, p. 36-40, jan./mar. 2010.